000 00992nam a22003017a 4500
001 BR0002052
003 BR-BrBNA
005 20230928100643.0
007 ta
008 230509b bl.||||| |||| 00| 0 por d
040 _aBR-BrBNA
_bpor
_cBiblioteca Nacional de Agricultura
041 _a(Por)
072 _aF02; F60; F06
_b1040
090 _ 1040 BR0002052
100 1 _aMachado, C.C.
110 1 _aEscola Superior de Agricultura Luiz de Queiroz, Piracicaba, SP (Brasil)
_0Tese (Mestre em Agronomia)
245 1 _aInfluencia da irrigacao localizada na absorcao de agua do porta-enxerto limao "Cravo", em plantas adultas de lima acida "Tahiti"
260 3 _aPiracicaba, SP (Brasil):
_c2000.
300 _a82 p.
500 _aSummaries (Eng, Por); Bibliography p. 68-75; 30 illus.; 8 tables
650 _aLima
650 _aLimao Cravo
650 _aPorta Enxerto
650 _aIrrigacao
650 _aAbsorcao de Agua
909 _a202309
_bLucia
_c55
_dLucia Elande
942 _cBK
999 _c62206
_d62206